000 01306nam a22002177a 4500
999 _c15454
_d15454
003 AR-CdUCM
008 190427b ||||| |||| 00| 0 spa d
040 _aMUNICIPALIDAD PROVINCIAL DEL CUSCO
_cBIBLIOTECA MUNICIPAL DEL CUSCO
082 _a982.05 /
_bM68 / 1912
100 _aMitre, Bartolomé
_932246
245 _aArchivo del general Mitre /
260 _aBuenos Aires :
_bBiblioteca de La Nación,
_c1912.
300 _a22 tomos ;
_c22 cm.
505 _aContenido: t.5 al t.6. Guerra del Paraguay -- t.7. Antecedentes de Pavón -- t.8 al t.9. Campaña de Pavón -- t.10 al t.13. Pacificación y reorganización nacional -- t.14. misión del general D. José M. Paz -- t.15. Cartas confidenciales de varios sobre diversos asuntos -- t.16. Campaña de Cepeda -- Ministerio de gobierno y relaciones exteriores de Buenos Aires -- t.18. Comandancia general del norte -- t.19. Ministerio de relaciones exteriores -- t.20 al t. 21. Correspondencia literaria -- t.22. Gobernación de Buenos Aires y ejercicio provisional del Poder Ejecutivo -- t.23 al t.27. Presidencia de la república -- t.28. La misión al Brasil.
650 _aOrganización Nacional
_924531
650 _aHistoria
_9136
650 _aSiglo XIX.
_9971
650 _aArgentina
_9511
942 _2ddc
_cLIBROS
945 _aacv
_d2019-04-27